|
|
|
|
| LEADER |
00000nab a2200000 a 4500 |
| 001 |
vtls000715773 |
| 003 |
SK-MaSNL |
| 005 |
20260318121905.0 |
| 008 |
240612c2000 xo 0 sla |
| 015 |
|
|
|a SNBRB2000/03-07218
|
| 035 |
|
|
|a CLN000067940
|
| 040 |
|
|
|a SNKBUCL
|b slo
|c SNKBUCL
|e AACR2
|
| 041 |
0 |
|
|a sla
|a rue
|
| 044 |
|
|
|a xo
|c SK
|
| 080 |
|
|
|a 069.6.02(437.6):73/76
|2 UDC-MRF-SK2
|
| 080 |
|
|
|a 73/76
|2 UDC-MRF-SK2
|
| 100 |
1 |
|
|a Fecura, Petro
|4 aut
|9 1588140
|
| 245 |
1 |
0 |
|a Endi Varhol najnepotrebnišyj
|c Petro Fecura
|
| 610 |
2 |
7 |
|a Múzeum moderného umenia Andyho Warhola v Medzilaborciach
|2 snkbucl
|9 73980
|
| 651 |
|
7 |
|a Medzilaborce (Slovensko : okres)
|2 snkbucl
|9 29394
|
| 655 |
|
7 |
|a články z novín a časopisov
|2 snkbucl
|9 267496
|
| 773 |
0 |
|
|t Narodny novynky
|g Roč. 10, č. 7-8 (2000), s. 6
|
| 850 |
|
|
|a Slovenská národná knižnica v Martine
|
| 852 |
|
|
|a SNK
|b KIS3GCP
|
| 958 |
|
|
|a RBX
|
| 999 |
|
|
|c 3255047
|d 3256977
|